| 000 | 00626cab a2200205 4500 | ||
|---|---|---|---|
| 001 | ABS42051 | ||
| 008 | 090401t1990 xxu||||| |||| 00| 0 eng d | ||
| 035 | _a(Sirsi) u34390 | ||
| 041 | _aeng | ||
| 100 | _aDeebank, J. | ||
| 245 | _aSo you want to be a company? | ||
| 260 | _c1990 | ||
| 350 | _a0 | ||
| 490 |
_aDirector _v43(6) Janaury 1990, 89(1) |
||
| 520 | _aBrief article on the problems of making the transition from a partnership to company status from the legal point of view. | ||
| 650 | _aINCORPORATION | ||
| 690 | _aMANAGEMENT-BUSINESS MANAGEMENT-PROFESSIONAL PRACTICE | ||
| 942 | _n0 | ||
| 948 | _c04/03/1997 | ||
| 999 |
_c22787 _d22787 |
||